000
00274nam a2200109 a 4500
005
20201002040610.0
008
140218s1995 000 spa d
020
_a
0912333197
245
0
_a
Jacques Pépin´s table :.
260
_a
San Francisco, CA,
_c
1995.
999
_c
42535
_d
42535
040
_a
DO-SdBNP